Sinergia y empatía en la toma de decisiones (Registro nro. 29102)
[ vista simple ]
| 000 -LEADER | |
|---|---|
| fixed length control field | 00306 a2200109 4500 |
| 001 - CONTROL NUMBER | |
| control field | ART_26210 |
| 005 - DATE AND TIME OF LATEST TRANSACTION | |
| control field | 20260410161937.0 |
| 008 - FIXED-LENGTH DATA ELEMENTS--GENERAL INFORMATION | |
| fixed length control field | 260409a |
| 100 1# - MAIN ENTRY--PERSONAL NAME | |
| Personal name | Sader, Gustavo |
| 245 10 - TITLE STATEMENT | |
| Title | Sinergia y empatía en la toma de decisiones |
| 773 0# - HOST ITEM ENTRY | |
| Title | SaberEs |
| Related parts | - Nº 3 (jun. 2011) |
| Record control number | REV26089 |
No hay ítems disponibles.